| 000 | 00412nam a2200157Ia 4500 | ||
|---|---|---|---|
| 008 | 221030s9999 xx 000 0 und d | ||
| 020 | _a8183334266 | ||
| 041 | _aEnglish | ||
| 100 | _aS. Jain | ||
| 245 | 0 |
_aIntroduction to Database Management System ` A ` : Level _cby S. Jain, S. Singh |
|
| 260 |
_bBPB Pub _aNew Delhi _c2011 |
||
| 300 | _a163 | ||
| 650 | _aBE Computer | ||
| 700 | _aS. Singh | ||
| 942 | _cBK | ||
| 999 |
_c16265 _d16265 |
||